000
00297nam a22001337a 4500
008
171027b xxu||||| |||| 00| 0 eng d
020
_a
9780132116602
041
_a
eng
080
_a
336
100
_a
56
101
_a
FIN
245
_a
PERSONAL FINANCIAL LITERACY
_c
MADURA.C
942
_2
udc
_c
BK
999
_c
36143
_d
36143